[Event "Astrakhan op"]
[Site "Astrakhan"]
[Date "2013.08.22"]
[Round "9"]
[White "Marchenko, Nikolay"]
[Black "Kurnaev, Vladimir"]
[Result "0-1"]
[WhiteElo "1842"]
[BlackElo "2013"]
[PlyCount "62"]
[EventDate "2013.08.14"]
[EventType "swiss"]
[EventRounds "9"]
[EventCountry "RUS"]
[SourceTitle "CBM 156 Extra"]
[Source "ChessBase"]
[SourceDate "2013.10.22"]
[SourceVersion "1"]
[SourceVersionDate "2013.10.22"]
[SourceQuality "1"]

1. d4 e6 2. Nf3 Nf6 3. e3 Be7 4. Bd3 0-0 5. 0-0 d6 6. b3 c5 7. Bb2 Nc6 8. a3 b6 9. c4 Bb7 10. Nc3 cxd4 11. exd4 d5 12. Qe2 dxc4 13. Bxc4 Na5 14. Ne5 Nxc4 15. Qxc4 Rc8 16. Qd3 Nd5 17. Ne4 f5 18. Nd2 Nf4 19. Qe3 Nxg2 20. Qe2 Nf4 21. Qe3 Qd5 22. Qf3 Ne2+ 23. Kg2 Rc2 24. Ndc4 b5 25. Rab1 bxc4 26. bxc4 Qxf3+ 27. Nxf3 Be4 28. Rfe1 Rf6 29. Bc1 Rg6+ 30. Kh3 Bxf3 31. Rb8+ Kf7 0-1

[Event "Astrakhan op"]
[Site "Astrakhan"]
[Date "2013.08.16"]
[Round "3"]
[White "Dudin, Denis"]
[Black "Kurnaev, Vladimir"]
[Result "1-0"]
[WhiteElo "2130"]
[BlackElo "2013"]
[PlyCount "105"]
[EventDate "2013.08.14"]
[EventType "swiss"]
[EventRounds "9"]
[EventCountry "RUS"]
[SourceTitle "CBM 156 Extra"]
[Source "ChessBase"]
[SourceDate "2013.10.22"]
[SourceVersion "1"]
[SourceVersionDate "2013.10.22"]
[SourceQuality "1"]

1. Nf3 g6 2. d4 Bg7 3. c4 d6 4. Nc3 Nd7 5. e4 e5 6. Be2 Ne7 7. 0-0 0-0 8. Be3 Nc6 9. d5 Ne7 10. b4 f5 11. Ng5 Nf6 12. f3 h6 13. Ne6 Bxe6 14. dxe6 c6 15. Qd2 f4 16. Bf2 Qc7 17. b5 Rad8 18. Rab1 c5 19. b6 axb6 20. Qb2 Qc8 21. Qxb6 Qxe6 22. Qxb7 Rb8 23. Qxb8 Rxb8 24. Rxb8+ Kh7 25. Rfb1 g5 26. Nd5 h5 27. a4 Nc6 28. R8b7 Kh6 29. Rc7 Nd4 30. Bxd4 exd4 31. Ne7 Nxe4 32. Bd3 Ng3 33. Ng8+ Qxg8 34. hxg3 Qe8 35. Be4 Qxa4 36. gxf4 gxf4 37. Rb6 Qd1+ 38. Kh2 Be5 39. Rb8 d3 40. Rh7+ Kg5 41. Rg8+ Bg7 42. Rgxg7+ Kf6 43. Rg6+ Ke5 44. Bxd3 Kd4 45. Rxd6+ Kc3 46. Re7 Qa1 47. Re2 Qa7 48. Rc2+ Kb3 49. Bf5 Qe7 50. Rb6+ Ka3 51. Rc3+ Ka4 52. Bc2+ Ka5 53. Rb5+ 1-0

[Event "Astrakhan op"]
[Site "Astrakhan"]
[Date "2013.08.15"]
[Round "2"]
[White "Kurnaev, Vladimir"]
[Black "Maslennikov, Anton Mikhailovic"]
[Result "1/2-1/2"]
[WhiteElo "2013"]
[BlackElo "2106"]
[PlyCount "111"]
[EventDate "2013.08.14"]
[EventType "swiss"]
[EventRounds "9"]
[EventCountry "RUS"]
[SourceTitle "CBM 156 Extra"]
[Source "ChessBase"]
[SourceDate "2013.10.22"]
[SourceVersion "1"]
[SourceVersionDate "2013.10.22"]
[SourceQuality "1"]

1. b3 Nf6 2. Bb2 g6 3. g3 Bg7 4. Bg2 c5 5. e3 Nc6 6. Ne2 0-0 7. d3 d5 8. Nd2 e5 9. Ba3 Be6 10. 0-0 Qd7 11. e4 d4 12. Bc1 Rab8 13. f3 Rfc8 14. a4 b6 15. Kh1 a6 16. Nc4 b5 17. axb5 axb5 18. Na5 Nxa5 19. Rxa5 Ne8 20. f4 f6 21. Ng1 Nd6 22. Bd2 c4 23. Bb4 cxb3 24. cxb3 Nf7 25. Nf3 Qc6 26. Qb1 Qc2 27. Nd2 Qxb1 28. Rxb1 Rc2 29. Bf3 Bf8 30. Bxf8 Kxf8 31. Ra6 Nd8 32. Nf1 b4 33. f5 Bf7 34. Rxf6 Nc6 35. fxg6 hxg6 36. Bd1 Rc3 37. Rf3 Ke7 38. g4 Rc8 39. Nd2 Na5 40. Nc4 Bxc4 41. dxc4 d3 42. Kg2 Nc6 43. Ra1 Rc7 44. Ra4 d2 45. g5 Rc1 46. Rf1 Ra7 47. Rxa7+ Nxa7 48. Kf2 Nc6 49. Ke3 Nd4 50. Kxd2 Nxb3+ 51. Ke2 Nd4+ 52. Kd2 Rxc4 53. Rf6 Rc6 54. Rxc6 Nxc6 55. Kd3 Nd4 56. Bg4 1/2-1/2

[Event "Astrakhan op"]
[Site "Astrakhan"]
[Date "2011.08.24"]
[Round "8.7"]
[White "Iliushkin, Evgeny"]
[Black "Kurnaev, Vladimir"]
[Result "1-0"]
[WhiteElo "2281"]
[BlackElo "2004"]
[PlyCount "63"]
[EventDate "2011.08.17"]
[EventType "swiss"]
[EventRounds "9"]
[EventCountry "RUS"]
[SourceTitle "EXT 2022"]
[Source "ChessBase"]
[SourceDate "2021.10.06"]
[SourceVersion "1"]
[SourceVersionDate "2021.10.06"]
[SourceQuality "1"]

1. c4 c5 2. Nc3 g6 3. g3 Bg7 4. Bg2 Nc6 5. Nf3 Nf6 6. d4 cxd4 7. Nxd4 0-0 8. Nc2 d6 9. 0-0 Be6 10. b3 Ne4 11. Nxe4 Bxa1 12. Nxa1 d5 13. cxd5 Bxd5 14. Nf6+ exf6 15. Bxd5 Nb4 16. e4 Nxd5 17. exd5 Qa5 18. Qf3 f5 19. d6 Rad8 20. a4 Rfe8 21. Bf4 f6 22. h4 Rd7 23. Nc2 Kg7 24. Ne3 Qc5 25. Nd5 g5 26. hxg5 fxg5 27. Rc1 Qd4 28. Bxg5 Rxd6 29. Ne3 Rxe3 30. Bxe3 Qd3 31. Qxb7+ Rd7 32. Qc6 1-0

[Event "Eisk Azovskie Zori op"]
[Site "Eisk"]
[Date "2011.06.10"]
[Round "6"]
[White "Kurnaev, Vladimir"]
[Black "Bezulenko, Evgeny"]
[Result "1-0"]
[WhiteElo "2002"]
[BlackElo "1926"]
[PlyCount "71"]
[EventDate "2011.06.05"]
[EventType "swiss"]
[EventRounds "9"]
[EventCountry "RUS"]
[SourceTitle "EXT 2012"]
[Source "ChessBase"]
[SourceDate "2011.11.24"]
[SourceVersion "1"]
[SourceVersionDate "2011.11.24"]
[SourceQuality "1"]

1. d4 e6 2. g3 d5 3. Bg2 Nf6 4. Nd2 Nbd7 5. Ngf3 Bd6 6. 0-0 0-0 7. c4 c6 8. b3 b6 9. Bb2 Qc7 10. Rc1 Bb7 11. Re1 Rfe8 12. e4 dxe4 13. Nxe4 Nxe4 14. Rxe4 Nf6 15. Re2 Rad8 16. Qe1 c5 17. d5 exd5 18. Bxf6 Rxe2 19. Qxe2 gxf6 20. Nh4 Qd7 21. cxd5 Re8 22. Qf3 Be5 23. Nf5 Kh8 24. Rd1 Ba6 25. Ne3 Bb2 26. a4 Qe7 27. Bh3 Bd4 28. Bf5 Bxe3 29. d6 Bxf2+ 30. Qxf2 Qd8 31. d7 Rg8 32. Qf3 Qe7 33. Kf2 c4 34. Qh5 Qc5+ 35. Kg2 Bb7+ 36. Kh3 1-0

[Event "Eisk Azovskie Zori op"]
[Site "Eisk"]
[Date "2011.06.05"]
[Round "1"]
[White "Golod, Ilja"]
[Black "Kurnaev, Vladimir"]
[Result "1-0"]
[WhiteElo "2332"]
[BlackElo "2002"]
[PlyCount "73"]
[EventDate "2011.06.05"]
[EventType "swiss"]
[EventRounds "9"]
[EventCountry "RUS"]
[SourceTitle "EXT 2012"]
[Source "ChessBase"]
[SourceDate "2011.11.24"]
[SourceVersion "1"]
[SourceVersionDate "2011.11.24"]
[SourceQuality "1"]

1. d4 e6 2. c4 Nf6 3. Nc3 Bb4 4. e3 0-0 5. Nge2 d5 6. a3 Be7 7. Ng3 b6 8. cxd5 exd5 9. Be2 c6 10. 0-0 Re8 11. b4 a5 12. b5 c5 13. dxc5 bxc5 14. Bf3 Be6 15. Ra2 Ra7 16. Rd2 Rd7 17. Nge2 g5 18. g3 Rd6 19. a4 Qb6 20. Nxd5 Nxd5 21. Bxd5 Bh3 22. Re1 Nd7 23. Bb2 Nf6 24. Bxf6 Rxf6 25. Nc3 Bf5 26. e4 Bc8 27. Bc6 Rxc6 28. Nd5 Qb7 29. bxc6 Qxc6 30. Nxe7+ Rxe7 31. Rd8+ Kg7 32. Qd5 Re6 33. Qxg5+ Rg6 34. Qe5+ Rf6 35. Red1 Qe6 36. Qg5+ Rg6 37. Qxc5 1-0

[Event "Moscow op-E"]
[Site "Moscow"]
[Date "2011.02.02"]
[Round "5.135"]
[White "Ivanets, Vladimir1"]
[Black "Kurnaev, Vladimir"]
[Result "1-0"]
[WhiteElo "2188"]
[BlackElo "1997"]
[PlyCount "85"]
[EventDate "2011.01.29"]
[EventType "swiss"]
[EventRounds "9"]
[EventCountry "RUS"]
[SourceTitle "EXT 2022"]
[Source "ChessBase"]
[SourceDate "2021.10.06"]
[SourceVersion "1"]
[SourceVersionDate "2021.10.06"]
[SourceQuality "1"]

1. b4 d5 2. e3 e6 3. a3 Nf6 4. c4 c6 5. Nf3 Nbd7 6. Nc3 g6 7. Bb2 Bg7 8. Qc2 0-0 9. d4 a5 10. b5 dxc4 11. Bxc4 c5 12. Na4 cxd4 13. Bxd4 b6 14. 0-0 Bb7 15. Be2 Rc8 16. Qb2 Nh5 17. Bxg7 Nxg7 18. Rfd1 Qe7 19. Rxd7 Qxd7 20. Nxb6 Qc7 21. Nxc8 Rxc8 22. h3 Nf5 23. Ne5 h5 24. Rd1 Bd5 25. Bf3 Ne7 26. e4 f6 27. Nxg6 Nxg6 28. Qxf6 Nf4 29. exd5 Qf7 30. Qxf7+ Kxf7 31. d6 e5 32. g3 Nxh3+ 33. Kg2 Ng5 34. Bxh5+ Kf6 35. Bg4 Rd8 36. d7 Ne4 37. f4 Nc3 38. Rd6+ Kf7 39. Ra6 a4 40. b6 Nd5 41. Ra5 Nxb6 42. Rxe5 Nxd7 43. Rd5 1-0

[Event "Azovskie Zori Rating"]
[Site "Eisk"]
[Date "2008.06.16"]
[Round "4"]
[White "Kurnaev, Vladimir"]
[Black "Bezulenko, Evgeny"]
[Result "1-0"]
[WhiteElo "2099"]
[BlackElo "1938"]
[PlyCount "43"]
[EventDate "2008.06.16"]
[EventType "tourn"]
[EventRounds "10"]
[EventCountry "RUS"]
[SourceTitle "EXT 2022"]
[Source "ChessBase"]
[SourceDate "2021.10.06"]
[SourceVersion "1"]
[SourceVersionDate "2021.10.06"]
[SourceQuality "1"]

1. d4 g6 2. c4 Bg7 3. e4 d6 4. Be3 c5 5. Nc3 Nd7 6. Nf3 Ngf6 7. Be2 Ng4 8. 0-0 Nxe3 9. fxe3 0-0 10. Rb1 Nf6 11. b4 b6 12. Qd3 cxb4 13. Rxb4 a5 14. Rbb1 Ba6 15. Nb5 Nd7 16. Qb3 Qc8 17. a4 Qb7 18. c5 dxc5 19. Ng5 Bxb5 20. Nxf7 Bxe2 21. Nh6+ Kh8 22. Qg8+ 1-0

[Event "Soukhumi op"]
[Site "Soukhumi"]
[Date "2007.08.09"]
[Round "6"]
[White "Ponfilenok, Vladimir"]
[Black "Kurnaev, Vladimir"]
[Result "1-0"]
[WhiteElo "2404"]
[BlackElo "2113"]
[PlyCount "51"]
[EventDate "2007.08.03"]
[EventType "swiss"]
[EventRounds "9"]
[EventCountry "RUS"]
[SourceTitle "EXT 2009"]
[Source "ChessBase"]
[SourceDate "2008.11.26"]
[SourceVersion "1"]
[SourceVersionDate "2008.11.26"]
[SourceQuality "1"]

1. d4 e6 2. Nf3 Nf6 3. g3 b6 4. Bg2 Bb7 5. c4 d5 6. Ne5 Nbd7 7. Nc3 Bd6 8. Qa4 Qc8 9. cxd5 exd5 10. 0-0 c6 11. Bg5 0-0 12. Rac1 Re8 13. Bh3 Bxe5 14. dxe5 Ne4 15. Nxe4 dxe4 16. Rfd1 Re6 17. Bxe6 fxe6 18. Qxe4 c5 19. Qc4 Qc6 20. f3 Nf8 21. Rd6 Qe8 22. Rcd1 Bd5 23. R1xd5 exd5 24. Qxd5+ Kh8 25. e6 h6 26. e7 1-0

[Event "Moscow-ch"]
[Site "Moscow"]
[Date "2001.??.??"]
[Round "3"]
[White "Kremenietsky, Anatoly M"]
[Black "Kurnaev, Vladimir"]
[Result "1-0"]
[WhiteElo "2387"]
[BlackElo "2133"]
[PlyCount "41"]
[EventDate "2001.??.??"]
[EventType "swiss"]
[EventRounds "9"]
[EventCountry "RUS"]
[SourceTitle "EXT 2002"]
[Source "ChessBase"]
[SourceDate "2001.11.25"]
[SourceVersion "1"]
[SourceVersionDate "2001.11.25"]
[SourceQuality "1"]

1. e4 e5 2. Nf3 Nc6 3. Bc4 Be7 4. d4 exd4 5. Nxd4 Ne5 6. Bb3 d6 7. 0-0 Nf6 8. f4 Ng6 9. Nc3 0-0 10. Kh1 Bg4 11. Qd3 Nh5 12. h3 Bd7 13. g4 Nf6 14. g5 Ne8 15. Qg3 Qc8 16. f5 Ne5 17. Nf3 Kh8 18. Nd5 Qd8 19. Bf4 f6 20. g6 c6 21. Qh4 1-0